| 000 | 00388nam a2200157Ia 4500 | ||
|---|---|---|---|
| 008 | 230524s9999 xx 000 0 und d | ||
| 082 |
_a621.382 _bSAW |
||
| 100 | _aA.K.Sawhney | ||
| 245 | 2 | _aA Course in Electrical Machine Design | |
| 250 | _a5TH | ||
| 260 |
_aNEW DELHI _bDhanpat Rai _c2005 |
||
| 300 | _aXX;919+16 | ||
| 500 | _aQuantity Number: 7 | ||
| 650 | _aElectrical | ||
| 942 | _cBK | ||
| 999 |
_c233 _d233 |
||